000 01228cam a22002174a 4500
005 20250605164153.0
008 250528s ||||||||||||||||||||||||d
035 _a19480
020 _a9603513954
040 _aGR-AtMCL
_bgre
_dGR-AtMCL
_eAACR2
245 1 _aΕΙΣΑΓΩΓΗ ΣΤΑ ΣΥΣΤΗΜΑΤΑ ΜΕΤΑΦΟΡΩΝ
250 _a1
260 _bΑ.Σταμουλης,
_c2000
300 _a598
505 0 _aΠΛΑΙΣΙΟ, ΕΝΝΟΙΕΣ ΚΑΙ ΧΑΡΑΚΤΗΡΙΣΜΟΙ ΣΤΟΙΧΕΙΑ ΤΩΝ ΣΥΣΤΗΜΑΤΩΝ ΜΕΤΑΦΟΡΩΝ: ΕΣΩΤΕΡΙΚΗ ΠΡΟΣΕΓΓΙΣΗ ΣΤΟΙΧΕΙΑ ΤΩΝ ΣΥΣΤΗΜΑΤΩΝ ΜΕΤΑΦΟΡΩΝ: ΕΞΩΤΕΡΙΚΗ ΠΡΟΣΕΓΓΙΣΗ Ο ΠΕΛΑΤΗΣ ΚΑΙ ΤΟ ΕΠΙΠΕΔΟ ΥΠΗΡΕΣΙΩΝ ΔΙΚΤΥΑ
520 _aΠΛΑΙΣΙΟ, ΕΝΝΟΙΕΣ ΚΑΙ ΧΑΡΑΚΤΗΡΙΣΜΟΙ ΣΤΟΙΧΕΙΑ ΤΩΝ ΣΥΣΤΗΜΑΤΩΝ ΜΕΤΑΦΟΡΩΝ: ΕΣΩΤΕΡΙΚΗ ΠΡΟΣΕΓΓΙΣΗ ΣΤΟΙΧΕΙΑ ΤΩΝ ΣΥΣΤΗΜΑΤΩΝ ΜΕΤΑΦΟΡΩΝ: ΕΞΩΤΕΡΙΚΗ ΠΡΟΣΕΓΓΙΣΗ Ο ΠΕΛΑΤΗΣ ΚΑΙ ΤΟ ΕΠΙΠΕΔΟ ΥΠΗΡΕΣΙΩΝ ΔΙΚΤΥΑ
700 1 _aSussman Joseph
_95726
942 _cBK
999 _c4736
_d4736